Torba yasa ile getirilen yeni düzenlemeler semineri, 8 Şubat 2011 (Record no. 125)

MARC details
000 -BAŞLIK
Sabit Uzunlukta Kontrol Alanı 00830na a2200241 4500
001 - KONTROL NUMARASI
Denetim Alanı 17850
003 - KONTROL NUMARASI IDENTIFIER
Denetim Alanı MIRAKIL
005 - SON İŞLEM TARİHİ VE ZAMANI
Denetim Alanı 20181213154734.0
008 - SABİT-BOY VERİ ELEMANLARI - GENEL BİLGİLER
Sabit Uzunlukta Kontrol Alanı 161107b tu 000 0
020 ## - ULUSLARARASI STANDART KİTAP NUMARASI
Uluslararası Standart Kitap Numarası 9789756728710
040 ## - KATALOGLAMA KAYNAK
Orijinal Kataloglama Ajansı Milas
Kataloglama Dili tur
Metne Dönüştürmek Ajansı TR-AnCHP
041 ## - DİL KODU
Metin / Ses Parça Veya Ayrı Başlığın Dil Kodu tur
082 ## - DEWEY ONLU SINIFLANDIRMA NUMARASI
Sınıflandırma Numarası 349.56
Ürün Numarası T66 2011
090 ## - SINIFLAMA NUMARASI
Sınıflama Numarası 349.56 T66 2011
111 ## - ANA GİRİŞ - TOPLANTI ADI
Giriş Elemanı Olarak Toplantı Adı Veya Yargı Alanı Adı Torba Yasa ile Getirilen Yeni Düzenlemeler Semineri
Toplantının Yeri İstanbul
Toplantı Veya Antlaşma İmzalandığı Tarihi 2011
245 ## - BAŞLIK TABLOSU
Başlık Torba yasa ile getirilen yeni düzenlemeler semineri, 8 Şubat 2011
Sorumluluk Tablosu, Vb Türkiye İşveren Sendikaları Konfederasyonu
260 ## - YAYIN, DAĞITIM, VB
Yayın, Dağıtım, Vb Yeri İstanbul
Yayıncı, Dağıtıcı, Vs Adı TİSK
Yayın, Dağıtım, Vb Tarihi 2011
300 ## - FİZİKSEL TANIM
Kapsam 140 s.
Diğer Fiziksel Ayrıntıları res.
Boyutlar 23 sm.
490 ## - SERİSİ TABLOSU
Seri Beyanı Türkiye İşveren Sendikaları Konfederasyonu
Hacim / Ardışık Tanımı 311
650 ## - KONU KATMA GİRİŞ - TOPİKAL DÖNEM
Topikal Süreli Veya Coğrafi Ad Giriş Elemanı Yasalar
Genel Alt Bölümü Torba yasalar
Kronolojik Alt Bölümü Türkiye
710 ## - KATMA GİRİŞ - KURUMSAL ADI
Giriş Elemanı Olarak Kurumsal Ad Veya Yargı Alanı Adı Türkiye İşveren Sendikaları Konfederasyonu (TİSK)
942 ## - EKLENDİ GİRİŞ ELEMANLARI (KOHA)
Sınıflandırma Veya Raf Düzeni Kaynak Dewey Decimal Classification
Koha Öğesi Türü Books
999 ## - SİSTEM KONTROL NUMARALARI (KOHA)
Koha Biblionumber 125
Koha Biblioitemnumber 125
Holdings
Kalıcı Konum Mevcut Konum Edinme Tarihi Edinim Kaynak Toplam Check-Out'Lar Tam Çağrı Numarası Barkod Tarih Son Görülme İtibaren Geçerli Fiyatlar Koha Öğesi Türü Kopya Sayısı
CHP Kütüphanesi CHP Kütüphanesi 11/07/2016 Bağış   349.56 T66 2011 008390 11/07/2016 11/07/2016 Books  
CHP Kütüphanesi CHP Kütüphanesi 12/06/2016 Bağış   349.56 T66 2011 010538 12/06/2016 12/06/2016 Books k.2